Актуальні проблеми соціального права (Запис № 413607)

МАРК-запис
000 -Лідер
fixed length control field 01040nam a22002297a 4500
003 - Ідентифікатор контрольного номера
control field UA-OsUOA
001 - Контрольний номер
control field 126406
007 - Фіксоване поле фізичного опису
fixed length control field ta
008 - Елементи даних фіксованої довжини – загальна інформація
fixed length control field 20171020b un ||||| |||| 00| 0 ukr d
090 ## - Локальний шифр розміщення
Класифікаційний індекс УДК 364(082)
Авторський знак (НП) А43
040 ## - Джерело каталогізації
Агенція оригінальної каталогізації UA-OsUOA
Мова каталогізації ukr
Агенція, яка здійснювала перезапис UA-OsUOA
Агенція, яка здійснювала модифікацію UA-OsUOA
041 ## - Код мови
Код мови тексту/ звукової доріжки чи окремого заголовка (П) ukr
080 ## - Індекс Універсальної десяткової класифікації
Індекс Універсальної десяткової класифікації (УДК) (НП) 364(082)
245 ## - Відомості про назву
Назва (НП) Актуальні проблеми соціального права
Решта назви (НП) науково-практичний посібник (збірник матеріалів учасників всеукраїнських соціальних програм (заходів) ВГОІ "Інститут реабілітації та соціальних технологій" у 2016 р.
Дані про відповідальність (НП) за заг. ред. В. Л. Костюка, В. П. Мельника
260 ## - Публікація, розповсюдження і т.п. (Вихідні дані)
Місце публікації, розповсюдження і т.п. (П) К.
Ім’я/ наймення видавництва, розповсюджувача і т.п. (П) ІР СТ Україна
Дата публікації, розповсюдження і т.п. (П) 2017
250 ## - Відомості про видання (редакцію)
-- Вип. 3
300 ## - Фізичний опис
Обсяг 231 с.
650 #7 - Додаткове предметне введення – тематичний термін
Тематичний термін чи географічна назва, як елемент введення (НП) 36 Забезпечення духовних та матеріальних життєвих потреб
Джерело заголовка чи терміна UDC
942 ## - Додаткові елементи входу (Коха)
Тип елемента Koha Книги
955 ## - Код типу видання за змістом
Код типу видання за змістом (НП) Наукові видання
Фонди
Стан вилучень Стан втрат Джерело класифікації або схеми стелажів Стан уражень Не для кредиту Постійне місце розташування Поточне розміщення Дата придбання Джерело придбання Вартість, звичайна ціна покупки Інвентарний номер Усього замовленно Повний номер виклику Штрих-код Дата останнього перегляду Ціна ефективна від Тип елемента Koha
    Universal Decimal Classification     ЧЗ - Читальна зала ЧЗ - Читальна зала 20/10/2017 46/2017 19.00 156374   364(082) А43 156374 16/11/2021 20/10/2017 Книги
    Universal Decimal Classification     ЧЗ - Читальна зала ЧЗ - Читальна зала 20/10/2017 46/2017 19.00 156375   364(082) А43 156375 16/11/2021 20/10/2017 Книги